000 00775nam a2200253Ia 4500
003 OSt
005 20221006142304.0
006 a|||||r|||| 00| 0
007 ta
008 221006b |||||||| |||| 00| 0 eng d
020 _a9784770019806
_cY1600(each)
024 _a5,981
037 _bGift, Japan Foundation
_cTextual
040 _aEASL
_cEASL
_beng
041 _2eng
_aeng
082 _aO42,5N35, N5-;1
100 _aOE Kenzaburo
_9647300
245 0 _aJapan, the ambiguous, and my self
_b The nobel prize speech and other lectures
260 _aTokyo
_bKodansha International Japan
_c1995
300 _a128p.
_ccm.
490 _v JEL
942 _hO42,5N35, N5-;1
_cTEXL
_2CC
999 _c1074067
_d1074067